វិទ្យាសាស្រ្ត ជីវវិទ្យា : (Record no. 6896)
[ view plain ]
| 000 -LEADER | |
|---|---|
| fixed length control field | 01865nam a22002417a 4500 |
| 001 - CONTROL NUMBER | |
| control field | 6896 |
| 003 - CONTROL NUMBER IDENTIFIER | |
| control field | FISKH |
| 005 - DATE AND TIME OF LATEST TRANSACTION | |
| control field | 20250605091705.0 |
| 008 - FIXED-LENGTH DATA ELEMENTS--GENERAL INFORMATION | |
| fixed length control field | 250605b cb ||||| |||| 00| 0 eng d |
| 020 ## - INTERNATIONAL STANDARD BOOK NUMBER | |
| International Standard Book Number | 9789995000707 |
| 040 ## - CATALOGING SOURCE | |
| Original cataloging agency | FISKH |
| Language of cataloging | khr |
| Transcribing agency | FISKH |
| Modifying agency | FISKH |
| 082 ## - DEWEY DECIMAL CLASSIFICATION NUMBER | |
| Classification number | 570 |
| 100 ## - MAIN ENTRY--PERSONAL NAME | |
| Personal name | Yihub, Yim |
| 245 ## - TITLE STATEMENT | |
| Title | វិទ្យាសាស្រ្ត ជីវវិទ្យា : |
| Statement of responsibility, etc. | អ្នកស្រី យឺម យីហ៊ុប , អ្នកស្រី ស្រី សុមាលី ,អ្នកស្រី ហែម វ៉ាន់នី និង អ្នកស្រី វ៉ាល់ សោរ |
| Remainder of title | ១១/ |
| 250 ## - EDITION STATEMENT | |
| Edition statement | បោះពុម្ពឆ្នាំ២០២២ |
| 260 ## - PUBLICATION, DISTRIBUTION, ETC. | |
| Place of publication, distribution, etc. | Phnom Penh : |
| Name of publisher, distributor, etc. | គ្រឺះស្ថានបោះពុម្ពនិងចែកផ្សាយ , |
| Date of publication, distribution, etc. | 2002 . |
| 300 ## - PHYSICAL DESCRIPTION | |
| Extent | 252 pages : |
| Other physical details | illustrations ; |
| Dimensions | 25 cm . |
| 520 ## - SUMMARY, ETC. | |
| Summary, etc. | សៀវភៅ វិទ្យាសាស្រ្ត ជីវវិទ្យា ថ្នាក់ទី ១១ ជាសៀវភៅសិក្សាសំខាន់មួយ សម្រាប់សិស្សមធ្យមសិក្សាទុតិយភូមិ ដែលមានមាតិកាសម្បូរបែបអំពីជីវវិទ្យាផ្នែកគ្រឹះ។ សៀវភៅនេះរៀបរាប់អំពីប្រធានបទនានាដែលពាក់ព័ន្ធនឹងជីវិតនិងបរិស្ថាន។ <br/> |
| 520 ## - SUMMARY, ETC. | |
| Summary, etc. | The Grade 11 Biology Science textbook is an important educational resource for upper secondary school students. It contains comprehensive content about the fundamentals of biology. This textbook presents various topics related to life and the environment. |
| 700 ## - ADDED ENTRY--PERSONAL NAME | |
| Personal name | Phany, Hak |
| Relator term | Illustrator |
| 942 ## - ADDED ENTRY ELEMENTS (KOHA) | |
| Source of classification or shelving scheme | Dewey Decimal Classification |
| Koha item type | Khmer Books |
| Suppress in OPAC | No |
| Withdrawn status | Lost status | Source of classification or shelving scheme | Damaged status | Not for loan | Collection | Home library | Current library | Shelving location | Date acquired | Total Checkouts | Full call number | Barcode | Date last seen | Copy number | Price effective from | Koha item type |
|---|---|---|---|---|---|---|---|---|---|---|---|---|---|---|---|---|
| Dewey Decimal Classification | Khmer Language Books / សៀវភៅភាសាខ្មែរ | Footprints International School Library Network Toul Tom Poung Campus | Footprints International School Library Network Toul Tom Poung Campus | TTP Secondary Khmer Bookshelves | 06/05/2025 | YIH 570 | 2025-1523 | 06/05/2025 | 1 | 06/05/2025 | Khmer Books | |||||
| Dewey Decimal Classification | Khmer Language Books / សៀវភៅភាសាខ្មែរ | Footprints International School Library Network Toul Tom Poung Campus | Footprints International School Library Network Toul Tom Poung Campus | TTP Secondary Khmer Bookshelves | 06/05/2025 | YIH 570 | 2025-1540 | 06/05/2025 | 2 | 06/05/2025 | Khmer Books |
